000 00314nam a2200133Ia 4500
005 20260328101447.0
008 260328s9999||||xx |||||||||||||| ||und||
100 _aGlusberg, Jorge
245 0 _aMiguel Angel Roca /
_cJorge Glusberg
260 _bAcademy
300 _a160 p.
650 _aARQUITECTOS
942 _cBK
999 _c8497
_d8497